Logo BPK

Biblioteka

Politechniki Koszalińskiej

Menschen im Hotel : (Rekord nr 49436)

Szczegóły MARC
000 -ETYKIETA REKORDU
podpole kontrolne o stałej długości 00489nam a2200169 i 4500
001 - NUMER KONTROLNY REKORDU
pole kontrolne bgj
040 ## - ŹRÓDŁO KATALOGOWANIA
Instytucja, która utworzyła rekord BPK
041 0# - KOD JĘZYKA
Kod języka tekstu ger
008 - POLE O STAŁEJ DŁUGOŚCI - DANE KONTROLNE
podpole kontrolne o stałej długości s gw f |000 0 ger
100 1# - NAZWA OSOBOWA
Nazwa osobowa BAUM, Vicki
Daty związane z nazwą (1888-1960)
245 10 - TYTUŁ/ODPOWIEDZIALNOŚĆ
Tytuł Menschen im Hotel :
Ciąg dalszy tytułu Roman /
Pozostałe elementy strefy tytułu i oznaczenia odpowiedzialności Vicki Baum.
260 ## - STREFA ADRESU WYDAWNICZEGO
Miejsce wydania Gütersloh :
Nazwa wydawcy/dystrybutora Bertelsmann-Lesering,
Data publikacji, dystrybucji/powstania dokumentu 1957.
300 ## - STREFA OPISU FIZYCZNEGO
Objętość 251, [1] S. ;
Rozmiary 20 cm.
651 #9 - HASŁO PRZEDMIOTOWE W FORMIE NAZWY GEOGRAFICZNEJ
Nazwa geograficzna Berlin
Określnik ogólny Hotel
-- Philosophie
Określnik chronologiczny Geschichte, 1920-1929
655 ## - TERMIN INDEKSOWY - OKREŚLENIE RODZAJU/FORMY DOKUMENTU
Określenie rodzaju/formy dokumentu Belletristische Darstellung
856 ## - LOKALIZACJA I DOSTĘP DO ELEKTRONICZNYCH DOKUMENTÓW ZDALNYCH
Link (URL) http://koha.tu.koszalin.pl/cgi-bin/koha/opac-detail.pl?biblionumber=49436
Tekst linku Katalog online BPK
942 ## - DODATKOWE ELEMENTY (KOHA)
Typ dokumentu Książka
Egzemplarze
Wycofany Status egzemplarza Uszkodzony Dostępność Lokalizacja stała Lokalizacja bieżąca Miejsce przechowywania Sygnatura Kod kreskowy Typ dokumentu
      Dostępny Biblioteka Politechniki Koszalińskiej Biblioteka Politechniki Koszalińskiej Wypożyczalnia Językowa N 1110 01580280 Książka
© 2023 Biblioteka Politechniki Koszalińskiej :: KOHA